[Event "Bundesliga 9091"]
[Site "Germany"]
[Date "1991.??.??"]
[Round "?.5"]
[White "Hertneck, Gerald"]
[Black "Haskamp, Stephan"]
[Result "1-0"]
[WhiteElo "2535"]
[BlackElo "2275"]
[PlyCount "77"]
[EventDate "1990.10.06"]
[EventType "team-tourn"]
[EventRounds "15"]
[EventCountry "GER"]
[SourceTitle "GER-chT"]
[Source "ChessBase"]
[SourceDate "1999.07.01"]
[SourceVersion "1"]
[SourceVersionDate "1999.07.01"]
[SourceQuality "1"]
[WhiteTeam "Bayern Muenchen"]
[BlackTeam "Bielefeld"]
[WhiteTeamCountry "GER"]
[BlackTeamCountry "GER"]

1. d4 g6 2. e4 Bg7 3. Nc3 c6 4. Bc4 d6 5. Qf3 e6 6. Nge2 Qe7 7. 0-0 Nd7 8. b3 e5 9. d5 c5 10. a4 a6 11. a5 Ngf6 12. Na4 0-0 13. Ba3 Ne8 14. b4 cxb4 15. Bxb4 f5 16. Qa3 f4 17. f3 h5 18. Ba2 g5 19. c4 Rf6 20. c5 Rg6 21. Rac1 Bf8 22. c6 Ndf6 23. Nb6 Rb8 24. Nd4 exd4 25. e5 Qxe5 26. Rfe1 Qxe1+ 27. Bxe1 Rg7 28. Bf2 d3 29. Qxd3 Rc7 30. Bd4 Bg7 31. Qg6 g4 32. Qg5 gxf3 33. gxf3 Bh3 34. Bb1 Kf8 35. Qxf4 Bh8 36. Kh1 Rf7 37. Bg6 Rg7 38. Rg1 Ke7 39. c7 1-0

[Event "Bundesliga 9091"]
[Site "Germany"]
[Date "1990.??.??"]
[Round "?.5"]
[White "Haskamp, Stephan"]
[Black "Knaak, Rainer"]
[Result "0-1"]
[WhiteElo "2275"]
[BlackElo "2515"]
[PlyCount "58"]
[EventDate "1990.10.06"]
[EventType "team-tourn"]
[EventRounds "15"]
[EventCountry "GER"]
[SourceTitle "GER-chT"]
[Source "ChessBase"]
[SourceDate "1999.07.01"]
[SourceVersion "1"]
[SourceVersionDate "1999.07.01"]
[SourceQuality "1"]
[WhiteTeam "Bielefeld"]
[BlackTeam "Koeln Porz"]
[WhiteTeamCountry "GER"]
[BlackTeamCountry "GER"]

1. e4 e6 2. d4 d5 3. e5 c5 4. Nf3 cxd4 5. Bd3 Nd7 6. 0-0 Ne7 7. Bf4 Nc6 8. Re1 Be7 9. Bg3 Qb6 10. Nbd2 Qxb2 11. Nb3 Bb4 12. Re2 Bc3 13. a4 Nc5 14. Rb1 Qa3 15. Nxc5 Qxc5 16. h4 Nb4 17. Qc1 h6 18. Bb5+ Bd7 19. Bxd7+ Kxd7 20. Qf4 Rhf8 21. Qg4 Rac8 22. Qxg7 Qc4 23. Kf1 d3 24. cxd3 Qxd3 25. Rc1 Na2 26. Qxh6 Nxc1 27. Qxc1 Bb4 28. Qa1 Rc2 29. Nd4 Qxd4 0-1

[Event "BL2-West 8990"]
[Site "Germany"]
[Date "1990.??.??"]
[Round "?.5"]
[White "Haskamp, Stephan"]
[Black "Kreutzkamp, Reinhold"]
[Result "1/2-1/2"]
[WhiteElo "2275"]
[BlackElo "2250"]
[PlyCount "28"]
[EventDate "1989.10.??"]
[EventType "team-tourn"]
[EventRounds "9"]
[EventCountry "GER"]
[SourceTitle "GER-chT2"]
[Source "ChessBase"]
[SourceDate "1999.07.01"]
[SourceVersion "1"]
[SourceVersionDate "1999.07.01"]
[SourceQuality "1"]
[WhiteTeam "Bielefeld"]
[BlackTeam "Koeln Porz II"]
[WhiteTeamCountry "GER"]
[BlackTeamCountry "GER"]

1. g3 Nf6 2. Bg2 d5 3. d3 c6 4. Nd2 Bg4 5. h3 Bh5 6. g4 Bg6 7. f4 e6 8. e3 h5 9. Qf3 hxg4 10. hxg4 Rxh1 11. Bxh1 Na6 12. a3 Qb6 13. Ne2 0-0-0 14. e4 dxe4 1/2-1/2

[Event "Regionalliga NordS 8889"]
[Site "Germany"]
[Date "1989.01.08"]
[Round "4.1"]
[White "Geveke, Michael"]
[Black "Haskamp, Stephan"]
[Result "1/2-1/2"]
[WhiteElo "2320"]
[BlackElo "2300"]
[PlyCount "41"]
[EventDate "1988.10.16"]
[EventType "team"]
[EventRounds "10"]
[EventCountry "GER"]
[SourceTitle "EXT 2003"]
[Source "ChessBase"]
[SourceDate "2002.11.25"]
[SourceVersion "1"]
[SourceVersionDate "2002.11.25"]
[SourceQuality "1"]
[WhiteTeam "Hannover"]
[BlackTeam "Osnabrueck SV"]
[WhiteTeamCountry "GER"]
[BlackTeamCountry "GER"]

1. c4 g6 2. g3 Bg7 3. Bg2 c5 4. Nc3 Nc6 5. d3 e6 6. e4 Nge7 7. Bg5 h6 8. Be3 Qa5 9. Nge2 Nd4 10. 0-0 0-0 11. a3 Nec6 12. Rb1 d6 13. b4 Nxe2+ 14. Nxe2 Qxa3 15. Rb3 Qa2 16. bxc5 dxc5 17. Bxc5 Rd8 18. Ra3 Qb2 19. Rb3 Qa2 20. Ra3 Qb2 21. Rb3 1/2-1/2

[Event "BL2-West 8990"]
[Site "Germany"]
[Date "1989.??.??"]
[Round "?.5"]
[White "Ueter, Heinz Dieter"]
[Black "Haskamp, Stephan"]
[Result "0-1"]
[WhiteElo "2280"]
[BlackElo "2275"]
[PlyCount "83"]
[EventDate "1989.10.??"]
[EventType "team-tourn"]
[EventRounds "9"]
[EventCountry "GER"]
[SourceTitle "GER-chT2"]
[Source "ChessBase"]
[SourceDate "1999.07.01"]
[SourceVersion "1"]
[SourceVersionDate "1999.07.01"]
[SourceQuality "1"]
[WhiteTeam "Bochum"]
[BlackTeam "Bielefeld"]
[WhiteTeamCountry "GER"]
[BlackTeamCountry "GER"]

1. e4 g6 2. d4 Bg7 3. Nc3 d6 4. Nf3 Nf6 5. Be2 0-0 6. 0-0 Nc6 7. Bg5 h6 8. Be3 Ng4 9. Bc1 e5 10. d5 Ne7 11. Nd2 f5 12. exf5 gxf5 13. Bxg4 fxg4 14. Nde4 Nf5 15. Ne2 Qe8 16. Qd3 Qg6 17. Be3 Bd7 18. Rad1 Rae8 19. c4 a6 20. Rfe1 h5 21. N2c3 h4 22. c5 Nd4 23. Kh1 Bf5 24. cxd6 cxd6 25. Bc1 b5 26. a3 a5 27. a4 h3 28. axb5 hxg2+ 29. Kxg2 Nf3 30. Rh1 Qh5 31. Kf1 g3 32. fxg3 Bh3+ 33. Kf2 Nxh2+ 34. Ke1 Nf3+ 35. Kf2 Nd4+ 36. Ke1 Rf3 37. Qc4 Ref8 38. Ne2 Rf1+ 39. Rxf1 Rxf1+ 40. Kd2 Bh6+ 41. Kc3 Nxe2+ 42. Kb3 0-1

[Event "Regionalliga NordS 8788"]
[Site "Germany"]
[Date "1988.01.10"]
[Round "4.1"]
[White "Geveke, Michael"]
[Black "Haskamp, Stephan"]
[Result "1-0"]
[WhiteElo "2320"]
[BlackElo "2250"]
[PlyCount "97"]
[EventDate "1987.10.11"]
[EventType "team"]
[EventRounds "9"]
[EventCountry "GER"]
[SourceTitle "EXT 2003"]
[Source "ChessBase"]
[SourceDate "2002.11.25"]
[SourceVersion "1"]
[SourceVersionDate "2002.11.25"]
[SourceQuality "1"]
[WhiteTeam "Hannover"]
[BlackTeam "Osnabrueck SV"]
[WhiteTeamCountry "GER"]
[BlackTeamCountry "GER"]

1. Nf3 g6 2. g3 Bg7 3. c4 e5 4. Nc3 Nc6 5. Bg2 d6 6. 0-0 Nf6 7. d4 exd4 8. Nxd4 Bd7 9. c5 d5 10. Bf4 a6 11. Nxc6 Bxc6 12. Qb3 0-0 13. Rad1 Qe7 14. Nxd5 Nxd5 15. Bxd5 Qxc5 16. Bxc6 Qxc6 17. Rc1 Qb5 18. Rxc7 Qxb3 19. axb3 Rfe8 20. Rd1 Be5 21. Bxe5 Rxe5 22. e3 b6 23. Rdd7 Rf8 24. Kf1 Rb5 25. Rd3 a5 26. Rc4 Ra8 27. Ke2 h5 28. h4 Ra7 29. Kd2 Rf5 30. f4 Kf8 31. e4 Rb5 32. Kc3 Ke7 33. Rd5 Rxd5 34. exd5 Rd7 35. Kd4 Rd6 36. Rc7+ Kf6 37. Rc6 Ke7 38. Rxd6 Kxd6 39. Kc4 f5 40. Kb5 Kxd5 41. Kxb6 Ke4 42. Kxa5 Kf3 43. b4 Kxg3 44. b5 Kxh4 45. b6 g5 46. fxg5 f4 47. b7 f3 48. b8Q f2 49. Qh2+ 1-0